Statystyki dla Metale Szlachetne

Kliknij tutaj aby rozwiązać quiz!

Ogólne statystyki

  • Ten quiz został rozwiązany 124 razy
  • Średni wynik to 4 z 8

Statystyki odpowiedzi

Metale% Poprawnych
złoto
100%
srebro
98%
platyna
75%
pallad
33%
osm
22%
iryd
18%
rod
16%
ruten
14%

Rozkład punktacji

Percentyl według liczby udzielonych odpowiedzi

Procent ludzi z każdym wynikiem

Twoja historia wyników

Nie rozwiązałeś tego quizu